U.S. Skylines by Silhouette - Statistics

General Stats
  • This quiz has been taken 1,198 times
  • The average score is 5 of 10
Answers on the Map
Answers color-coded by a green-red scale on the quiz's map according to % correct below.
 
Answer Stats
City % Correct
Seattle
98%
Chicago
83%
Los Angeles
60%
Denver
55%
Dallas
50%
Philadelphia
32%
Detroit
29%
Phoenix
24%
Charlotte
22%
Oklahoma City
20%
No matching quizzes found
Score Distribution
Percent of People with Each Score
Percentile by Number Answered
Your Score History
You have not taken this quiz